Регионална библиотека "Любен Каравелов" - Русе

Човекът и биологично активните вещества (Запис номер 151642)

MARC детайли
000 -Лидер
Контролно поле с фиксирана дължина 01590nam a2200313 c 4500
003 - Код на организацията, давaща контролен номер
Контролно поле BLK
005 - Дата и час на последна редакция
Контролно поле 20180420233942.0
008 - Елементи от данни с фиксирана дължина
fixed length control field 180410b bul|||||r ||||||| ||bul||
010 ## - Наследен системен номер
LC control number KNG00158047000
040 ## - Източник на каталожния запис
Идентификатор на билиотеката - собственик на записа BLK
041 ## - Код за език
Код за езика на текст/звукозапис или на отделно заглавие Български
Код за езика КДБФ Български
080 ## - УДК
Текстов определител УДК Антибиотици. Микробиологични продукти
УДК код - определител по УДК 615.33
УДК определител
УДК - код + определител 615.33
080 ## - УДК
Текстов определител УДК Хигиена на храненето. Режим на храненето. Вж и 612.39 ; 614.3 ; 615.874 ; 641
УДК код - определител по УДК 613.2
УДК определител
УДК - код + определител 613.2
100 1# - Редна дума - Автор
Автор Брехман, Израил И.
Авторска отговорност първи автор
R(LIN) 43274
139 ## - Редно поле
Редна дума Брехман, Израил И.
Авторски знак Бре - Б 80
245 10 - Сведения за заглавието
Заглавие Човекът и биологично активните вещества
Подзаглавни данни Увод във фармакологията на здравето : Науч.-попул. очерк
Редно поле (дума) Израил И. Брехман; прев. от рус. Олга Цанова.
257 ## - Страна на издаване
Страна на създаване/издаване Германия
260 ## - Област на издателските данни
-- София
Име на издателя, разпространителя и проч. Медицина и физкултура
Година на издаване 1981
Печатница Пловдив : Д. Благоев
300 ## - Физическа характеристика
Страници 199 с.
Размери/Мащаб 17 см
380 ## - Жанр
Жанр Медицина
490 1# - СЕРИИ (Колекции)
Име на серия Лекарят ви съветва
500 ## - Общи забележки
Забележка Ориг. загл. Человек и биологически активные вещества. - 7 110 тир. - Библиогр. с. 184-195.
700 1# - Други автори (авторска отговорност)
Лично име Цанова, Олга
Автороска отговорност (Описва отношението между автора и произведението) прев. от рус.
9 (RLIN) 287928
852 ## - Местоположение
Форматна сигнатура Цб І 18707
856 4# - Електронен адрес и достъп
Електронен формат pdf - файл
Път до файла /url/
856 4# - Електронен адрес и достъп
Електронен формат pdf - файл
Път до файла /url/
942 ## - АРТИКУЛИ
Вид на библиотечния материал Книги
Скрит в OPAC Не
944 ## - СЪЗДАВАНЕ И РЕДАКЦИЯ на ЗАПИСА
Създаване/Редакция Създаване
Дата на регистрацията/редакция 17.03.2014
Статус, дата на статуса 17.03.2014 - от С1,Р / 17.03.2014
Служител, извършил регистрацията/редакцията Правда_Бадева
944 ## - СЪЗДАВАНЕ И РЕДАКЦИЯ на ЗАПИСА
Създаване/Редакция Редакция
Дата на регистрацията/редакция 17.03.2014
Статус, дата на статуса 17.03.2014 - от С1,Р / 17.03.2014
Служител, извършил регистрацията/редакцията
999 ## - СИСТЕМНИ КОНТРОЛНИ НОМЕРА
Koha biblionumber 151642
Koha biblioitemnumber 151642
Наличности
Код за отписване Код за изгубен артикул Източник на класификационната схема Код за повреда Коз за рестрикции Код за отдаване Артикулен № Име на библиотеката - собственик Име на библиотеката, в която се намира в момента Статус (Текущо местоположение) Дата на вписване в системата Местоположение - отдел Цена в лева Инвентарен номер Систематично азбучна сигнатура Баркод Номер на екземпляра Цена в евро Служебна бележка Служебен тип на артикула
  Не е изгубен Universal Decimal Classification Не е повреден само за читалня ползва се в читалня 253274 Регионална библиотека "Любен Каравелов" Русе Регионална библиотека "Любен Каравелов" Русе Хранилище 1981-01-01 Хранилище 0.63 323601 Цб І 18707 120000323601 1 0.32 N: стар фонд Дата: 01.01.1981 Книги
Изтеглен Не е изгубен Universal Decimal Classification Не е повреден без рестрикции заемане за дома 253275 Регионална библиотека "Любен Каравелов" Русе Регионална библиотека "Любен Каравелов" Русе Заемна - подръчен фонд 1981-01-01 Заемна - подръчен фонд 0.63 324174 П 615.3/Б 80 324174 2 0.32 N: стар фонд Дата: 01.01.1981 Книги
Vip Innovations Ltd, Rousse, Bulgaria 2025